| 000 | 01261cam a2200301 i 4500 | ||
|---|---|---|---|
| 001 | 17599665 | ||
| 003 | Nust- CAS-E | ||
| 005 | 20180118181409.0 | ||
| 008 | 130123t20132013njua b 001 0 eng | ||
| 010 | _a 2013002851 | ||
| 020 | _a9781118160060 (cloth) | ||
| 020 | _a1118160061 (cloth) | ||
| 040 |
_aDLC _beng _cDLC _erda _dDLC |
||
| 042 | _apcc | ||
| 050 | 0 | 0 |
_aTJ811.8 _b.N37 2013 |
| 082 | 0 | 0 |
_a621.042 _223 _bNAT 2013 |
| 245 | 0 | 0 |
_aNatural and artificial photosynthesis : _bsolar power as an energy source / _cedited by Reza Razeghifard. |
| 300 |
_axxv, 462 pages : _billustrations ; _c25 cm |
||
| 502 | _a0 | ||
| 504 | _aIncludes bibliographical references and index. | ||
| 650 | 0 | _aRenewable energy sources. | |
| 650 | 0 |
_aPhotosynthesis _xIndustrial applications. |
|
| 700 | 1 |
_aRazeghifard, Reza, _d1964- _eeditor of compilation. |
|
| 776 | 0 | 8 |
_iOnline version: _aRazeghifard, Reza, 1964- editor of compilation. _tNatural and artificial photosynthesis _dHoboken, New Jersey : John Wiley and Sons, Inc., [2013] _z9781118659847 _w(DLC) 2013013043 |
| 906 |
_a7 _bcbc _corignew _d1 _eecip _f20 _gy-gencatlg |
||
| 942 |
_2ddc _cBK |
||
| 999 |
_c355667 _d355667 |
||